|
|
|
|
| LEADER |
00000nam a22000007a 4500 |
| 005 |
20170307213448.0 |
| 007 |
cr|||| |||| |
| 008 |
170307s2015 es |||||s|||| 00||0 spa d |
| 020 |
|
|
|a 978-84-9148-032-7
|
| 035 |
|
|
|a 14805
|
| 040 |
|
|
|a vLex
|
| 090 |
|
|
|c 6580
|d 6580
|
| 100 |
1 |
|
|a Rodrg̕uez Da̕z, Begoą
|
| 245 |
1 |
0 |
|a Manual de m̀bito jurisdiccional comunitario e internacional
|h [Recurso electrn̤ico] :
|b Gua̕ prc̀tica para abogados ante la UE y el TEDH /
|c Begoą Rodrg̕uez Da̕z
|
| 256 |
|
|
|a Servicio en ln̕ea
|
| 260 |
|
|
|a Madrid:
|b Dykinson,
|c 2015
|
| 300 |
|
|
|a 1 recurso electrn̤ico
|
| 500 |
|
|
|a Este manual tiene como objetivo ofrecer a los abogados una gua̕ prc̀tica para el ejercicio de la profesin̤ ante los r̤ganos jurisdiccionales internacionales donde es ms̀ frecuente su actuacin̤: el Tribunal de Justicia de la Unin̤ Europea y el Tribunal Europeo de Derechos Humanos. Para una correcta defensa de los intereses de los clientes, es necesario que el Abogado conozca, adems̀ del derecho sustantivo, los cauces procesales para hacer valer los derechos conferidos por el ordenamiento comunitario, tanto en el marco de litigios nacionales como en procedimientos ante el TJUE. Junto a ello, interesa que el Abogado comprenda los requisitos y el procedimiento para reclamar eficazmente la tutela de los derechos fundamentales ante el Tribunal Europeo de Derechos Humanos.
|
| 506 |
1 |
|
|a Disponible solo en los productos indicados
|d vLex Global
|d vLex Global (Academic Edition, excluding Law Schools)
|d vLex Global (U.S. Academic Edition, Law Schools)
|d vLex Global (U.S. Academic Edition, excluding Law Schools)
|d vLex Global (Academic Edition, Law Schools)
|
| 650 |
0 |
4 |
|a Derecho Comunitario
|z Espaą
|
| 650 |
0 |
4 |
|a Derecho Internacional
|z Espaą
|
| 740 |
0 |
|
|a vLex Libros (Servicio en ln̕ea)
|
| 856 |
4 |
0 |
|u http://vlex.com/source/manual-de-ambito-jurisdiccional-comunitario-e-internacional-guia-practica-para-abogados-ante-la-ue-y-el-tedh-14805
|z Acceso restringido
|
| 942 |
|
|
|c BOOK
|
| 999 |
0 |
|
|a Community Law
|
| 999 |
0 |
|
|a International Law
|